[Event "Hastings Challengers9091"]
[Site "Hastings"]
[Date "1990.??.??"]
[Round "?"]
[White "Resende, Antonio Carlos"]
[Black "Sadler, Matthew"]
[Result "0-1"]
[WhiteElo "2315"]
[BlackElo "2470"]

1.Nf3 d5 2.c4 dxc4 3.Na3 c5 4.Nxc4 Nc6 5.g3 f6 6.Bg2 e5 7.d3 Nge7 8.O-O Nf5
9.e4 Nd6 10.Ne3 Be6 11.Nd5 Qd7 12.Be3 b6 13.a3 Nb7 14.Qa4 Rc8 15.b4 Bd6 16.Nd2 O-O
17.Nc4 Bb8 18.Rab1 cxb4 19.axb4 Qf7 20.Rfc1 Ne7 21.Ndxb6 axb6 22.Nxb6 Rcd8
23.Qa6 Nd6 24.b5 f5 25.Bc5 f4 26.Nc4 Ndc8 27.Qa3 Rfe8 28.Na5 Nd6 29.b6 Qh5
30.Bxd6 Rxd6 31.Qa4 Rf8 32.Nc6 Nxc6 33.Rxc6 Rd4 34.Qc2 Bh3 35.Bh1 Rdd8 36.b7 Kh8
37.Rc1 Qf7 38.Rc8 Qxb7 39.Rxd8 Rxd8 40.Bf3 fxg3 41.hxg3 Rf8  0-1

[Event "Hastings Challengers9091"]
[Site "Hastings"]
[Date "1990.??.??"]
[Round "?"]
[White "Mestel, A Jonathan"]
[Black "Formanek, Edward W"]
[Result "1-0"]
[WhiteElo "2505"]
[BlackElo "2320"]

1.Nf3 d5 2.c4 d4 3.g3 Nc6 4.d3 g6 5.Bg2 Bg7 6.O-O e5 7.e3 Nge7 8.exd4 Nxd4
9.Nxd4 Qxd4 10.Nc3 O-O 11.Be3 Qd8 12.b4 a6 13.Qb3 Nf5 14.Bc5 Re8 15.a4 Bf8
16.Ne4 Bxc5 17.Nxc5 Rb8 18.b5 Nd4 19.Qb2 a5 20.Rae1 Bf5 21.f4 b6 22.Ne4 exf4
23.Rxf4 Bxe4 24.Bxe4 Ne6 25.Rff1 Qd4+ 26.Qxd4 Nxd4 27.Bd5 Rxe1 28.Rxe1 Kf8
29.Kf2 Nc2 30.Rc1 Nb4 31.Ke3 Re8+ 32.Kd2 Rd8 33.g4 Nxd5 34.cxd5 Rxd5 35.Rxc7 Rd4
36.Rc4 Rd5 37.Ke3 h5 38.h3 hxg4 39.hxg4 Re5+ 40.Kf4 Re1 41.Rc7 Ra1  1-0

[Event "Helsinki"]
[Site "Helsinki"]
[Date "1990.??.??"]
[Round "1"]
[White "Krnic, Zdenko"]
[Black "Lehto, Ville"]
[Result "1/2-1/2"]
[WhiteElo "2450"]
[BlackElo "2305"]

1.Nf3 d5 2.c4 c6 3.b3 Nf6 4.Bb2 a5 5.cxd5 cxd5 6.Nc3 Nc6 7.e3 Bg4 8.Bb5 e6
9.h3 Bh5 10.Rc1 Rc8 11.Na4 Nd7 12.g4 Bg6 13.Ne5 Ndxe5 14.Bxe5 Ba3 15.Bxg7 Bxc1
16.Bxh8 Ba3 17.Qa1 Kf8 18.Qg7+ Ke8 19.Qg8+ Ke7 20.Qxd8+ Rxd8 21.Bxc6 Rxh8
22.Bb5 Rc8 23.Ke2 Rc2 24.Nc3 Bb4 25.Bd3 Rb2 26.Rc1 Kd7 27.f4 Bxc3 28.Rxc3 Bxd3+
29.Kxd3 Rxa2 30.Rc1 Ra3 31.Kc2 Ra2+ 32.Kd3 Ra3  1/2-1/2

[Event "Helsinki Club-ch"]
[Site "Helsinki"]
[Date "1990.??.??"]
[Round "5"]
[White "Norri, Joose"]
[Black "Lehtivaara, Risto"]
[Result "0-1"]
[WhiteElo "2360"]
[BlackElo "2320"]

1.Nf3 d5 2.c4 e6 3.g3 f5 4.Bg2 Nf6 5.O-O Be7 6.Nc3 O-O 7.d3 c6 8.e4 d4 9.Ne2 c5
10.e5 Nh5 11.b4 a5 12.bxc5 Bxc5 13.Bg5 Qd7 14.Rb1 Nc6 15.Rb5 Ba7 16.h3 g6
17.g4 Ng7 18.Qd2 Bb8 19.Nf4 Qc7 20.Re1 Bd7 21.Bh6 Re8 22.Bxg7 Kxg7 23.gxf5 exf5
24.Nd5 Qd8 25.e6 Bc8 26.Nxd4 Nxd4 27.Qb2 Qh4 28.Nb6 Qf6 29.Nxc8 Nxb5 30.Qxb5 Rxc8
31.Bxb7 Qc3 32.Re3 Bf4 33.Rf3 Qc1+ 34.Kg2 Rcb8 35.Qd7+ Kh6 36.c5 Rxb7 37.Qxb7 Rb8
38.Qe7 Bg5 39.Qf8+ Rxf8 40.c6 Qxc6  0-1

[Event "Hessen-ch"]
[Site "Hessen"]
[Date "1990.??.??"]
[Round "8"]
[White "Alber, Horst"]
[Black "Kuban, Guenther"]
[Result "1/2-1/2"]
[WhiteElo "2340"]
[BlackElo "2260"]

1.Nf3 d5 2.c4 c6 3.cxd5 cxd5 4.d4 Nc6 5.Nc3 Nf6 6.Bf4 a6 7.e3 Bg4 8.Be2 Bxf3
9.Bxf3 e6 10.O-O Bd6 11.Bxd6 Qxd6 12.e4 dxe4 13.Nxe4 Nxe4 14.Bxe4 Rd8 15.Qa4 Ke7
16.Bxc6 Qxc6 17.Qb4+ Rd6 18.Rac1 Qb6 19.Qxb6 Rxb6 20.Rc7+ Kf6 21.b3 Rd8 22.Rd1 Rc6
23.Rxc6 bxc6 24.Rc1 Rxd4 25.g3 Rd2 26.a4  1/2-1/2

[Event "Jajce (Women)"]
[Site "Jajce"]
[Date "1990.??.??"]
[Round "3"]
[White "Maric, Alisa"]
[Black "Maksimovic, Suzana"]
[Result "0-1"]
[WhiteElo "2365"]
[BlackElo "2280"]

1.Nf3 d5 2.c4 d4 3.b4 c5 4.Bb2 a5 5.bxc5 Nc6 6.e3 e5 7.exd4 exd4 8.d3 Bxc5
9.Be2 Nf6 10.O-O O-O 11.Nbd2 a4 12.Rb1 Re8 13.Ba1 Ra7 14.Ng5 Bf5 15.Nge4 b6
16.Bf3 Ne5 17.Nxf6+ Qxf6 18.Ne4 Qg6 19.Bh5 Qc6 20.Bf3 Nxf3+ 21.Qxf3 Bxe4
22.dxe4 Rae7 23.Rfe1 Rxe4 24.Kf1 g6 25.Rxe4 Rxe4 26.Rd1 Qe6 27.Qd3 h5 28.h3 a3
29.Qc2 Bb4 30.Kg1 Re1+ 31.Kh2 Re2 32.Qd3 Bd6+ 33.g3 Rxf2+ 34.Kg1 Rxa2 35.Bxd4 Qxh3
36.Bf2 Bc5 37.Rd2 Ra1+ 38.Rd1 Rxd1+ 39.Qxd1 Qxg3+ 40.Kh1 Qxf2 41.Qd8+ Kg7
42.Qg5 Qg1+ 43.Qxg1 Bxg1 44.Kxg1 a2  0-1

[Event "Jajce (Women)"]
[Site "Jajce"]
[Date "1990.??.??"]
[Round "11"]
[White "Gajic, Djordje"]
[Black "Bojkovic, Natasa"]
[Result "1-0"]
[WhiteElo "2295"]
[BlackElo "2270"]

1.Nf3 d5 2.c4 e6 3.g3 Nf6 4.Bg2 Be7 5.O-O O-O 6.d4 dxc4 7.Qc2 a6 8.a4 Bd7
9.Ne5 Bc6 10.Nxc6 Nxc6 11.e3 Na5 12.Nd2 Rc8 13.Nxc4 c5 14.Nxa5 Qxa5 15.Bd2 Qc7
16.Rfc1 Qd7 17.dxc5 Rxc5 18.Bc3 Nd5 19.Qd2 Rd8 20.Bd4 Rxc1+ 21.Qxc1 f6 22.Qc4 Qc6
23.Qb3 Kf8 24.h4 Rd7 25.Qd1 Rc7 26.Qh5 Kg8 27.Qg4 Bf8 28.e4 Ne7 29.Bxf6 Kh8
30.Bc3 Rd7 31.Bh3 Ng8 32.Qxe6 Rd6 33.Qc8 Qxc8 34.Bxc8 Rb6 35.Rd1 Ne7 36.Rd8 Kg8
37.a5  1-0

[Event "Balkaniad"]
[Site "Kavala"]
[Date "1990.??.??"]
[Round "2"]
[White "Dizdarevic, Emir"]
[Black "Ionescu, Constantin"]
[Result "1/2-1/2"]
[WhiteElo "2500"]
[BlackElo "2440"]

1.Nf3 d5 2.c4 d4 3.g3 c5 4.b4 cxb4 5.a3 b3 6.Bg2 Nc6 7.O-O e5 8.d3 a5 9.Qxb3 a4
10.Qd1 Bc5 11.Nbd2 f5 12.Ne1 Nf6 13.Nc2 O-O 14.Nb4 Qd6 15.Nd5 Be6 16.Nxf6+ Rxf6
17.Nf3 h6 18.Ne1 Bd7 19.Nc2 Re8 20.Rb1 b6 21.Bd2 Rff8 22.Nb4 Na5 23.Nd5 Nb3
24.Bb4 b5 25.cxb5 Bxb5 26.Rxb3 axb3 27.Qxb3 Kh7 28.Nc7 Qxc7 29.Rc1 Qd7 30.Rxc5 Rf6
31.Qc2 e4 32.dxe4 d3 33.exd3 Bxd3 34.Qd2 fxe4 35.Bc3 Rf7 36.Be5 Qa4 37.Ra5 Qb3
38.h4 Rc8 39.Bf4 Rc2 40.Qe3 Qb1+ 41.Kh2 Re2 42.Qd4 Qe1 43.Re5 Qxf2 44.Qxf2 Rxf2
45.Kh3 Re2 46.a4 Rb7 47.Bf1 Ra2 48.Bxd3 exd3 49.Rd5 Rxa4 50.Rxd3 h5 51.Rd5 g6
52.Be5 Kg8 53.Rd6 Rg4 54.Bf4 Rb2 55.Ra6 Re2 56.Rb6 Kf7 57.Ra6 Re6 58.Ra5 Rf6
59.Ra4 Ke6 60.Re4+ Kd5 61.Ra4 Rc6 62.Kg2 Rc4 63.Ra5+ Ke4 64.Re5+ Kd4 65.Re1 Kd3
66.Kf3 Rc3 67.Re3+ Kc2 68.Rxc3+ Kxc3 69.Ke4 Kc4 70.Ke5 Kd3 71.Kf6 Ke4 72.Bg5 Rxg3
73.Kxg6 Rb3 74.Kxh5 Kf5 75.Kh6 Rb7 76.Bd2 Rd7  1/2-1/2

[Event "Kecskemet op"]
[Site "Kecskemet"]
[Date "1990.??.??"]
[Round "?"]
[White "Centgraf, Jozsef"]
[Black "Kovacs, Laszlo M"]
[Result "1/2-1/2"]
[WhiteElo "2245"]
[BlackElo "2365"]

1.Nf3 d5 2.c4 e6 3.g3 Nf6 4.Bg2 Be7 5.O-O O-O 6.d4 dxc4 7.Qa4 a6 8.Qxc4 b5
9.Qc2 Bb7 10.Nbd2 Nbd7 11.Nb3 Be4 12.Qd1 c5 13.dxc5 Nxc5 14.Nxc5 Bxc5 15.a3 Qd5
16.b4 Be7 17.Qxd5 Bxd5 18.Bb2 Rac8 19.Rfc1 Rfd8 20.Nd4 Ne4 21.Rxc8  1/2-1/2

[Event "JUG-sf"]
[Site "Kladovo"]
[Date "1990.??.??"]
[Round "2"]
[White "Mujagic, Ramo"]
[Black "Lazic, Miroljub"]
[Result "1/2-1/2"]
[WhiteElo "2300"]
[BlackElo "2495"]

1.Nf3 d5 2.c4 e6 3.e3 Nf6 4.b3 Bd6 5.Bb2 Nbd7 6.Be2 O-O 7.O-O c6 8.d3 Qe7
9.Nbd2 e5 10.cxd5 cxd5 11.e4 Ba3 12.Bxa3 Qxa3 13.Qc1 Qd6 14.exd5 Nxd5 15.Nc4 Qg6  1/2-1/2

[Event "JUG-sf"]
[Site "Kladovo"]
[Date "1990.??.??"]
[Round "3"]
[White "Paunovic, Dragan"]
[Black "Kosic, Dragan"]
[Result "1-0"]
[WhiteElo "2450"]
[BlackElo "2415"]

1.Nf3 d5 2.c4 c6 3.d4 Nf6 4.e3 Bf5 5.Nc3 e6 6.Nh4 Bg4 7.Qb3 Qb6 8.h3 Bh5
9.g4 Bg6 10.Qxb6 axb6 11.g5 Nfd7 12.Nxg6 hxg6 13.f4 Na6 14.Bd2 Bd6 15.Kf2 Ke7
16.Be2 dxc4 17.Bxc4 b5 18.Be2 Nb6 19.Ne4 Bb4 20.Bc1 Nd5 21.a3 Ba5 22.h4 Bb6
23.Bd2 f6 24.gxf6+ gxf6 25.Nc3 Nac7 26.Bf3 Rad8 27.Ke2 Ra8 28.Rag1 Rag8 29.Ne4 Ne8
30.h5 gxh5 31.Rxg8 Rxg8 32.Rxh5 Bc7 33.Nc5 b6 34.Nd3 f5 35.Ne5 Nef6 36.Rh1 c5
37.Be1 Ke8 38.Bh4 cxd4 39.Bxf6 Nxf6 40.exd4 Ke7 41.Rc1 Bd6 42.Rc3 Rg3 43.Rc6 Rh3
44.Rxb6 Rh2+  1-0

[Event "JUG-sf"]
[Site "Kladovo"]
[Date "1990.??.??"]
[Round "4"]
[White "Paunovic, Dragan"]
[Black "Lazic, Miroljub"]
[Result "1/2-1/2"]
[WhiteElo "2450"]
[BlackElo "2495"]

1.Nf3 d5 2.c4 c6 3.d4 Nf6 4.e3 e6 5.Bd3 Nbd7 6.O-O Bd6 7.Nc3 O-O 8.e4 dxc4
9.Bxc4 e5 10.Bb3 exd4 11.Qxd4 Qc7 12.h3  1/2-1/2

[Event "JUG-sf"]
[Site "Kladovo"]
[Date "1990.??.??"]
[Round "6"]
[White "Paunovic, Dragan"]
[Black "Todorovic, Goran M"]
[Result "0-1"]
[WhiteElo "2450"]
[BlackElo "2415"]

1.Nf3 d5 2.c4 d4 3.e3 Nc6 4.exd4 Nxd4 5.Nxd4 Qxd4 6.Nc3 e5 7.d3 Ne7 8.Be2 c6
9.Be3 Qd8 10.d4 exd4 11.Bxd4 Nf5 12.Be5 Qa5 13.Bf4 Be6 14.O-O Rd8 15.Qe1 Nd4
16.Rd1 Bb4 17.Bd3 O-O 18.Qe5 Bxc3 19.bxc3 Qxc3 20.Qe3 Bxc4 21.Kh1 Bxd3 22.Rxd3 Qc4
23.Rdd1 Rfe8 24.Qa3 Nc2 25.Qg3 Rxd1 26.Rxd1 Qe2 27.Rg1 Nd4 28.Be3 Nf5 29.Qc7 f6
30.Bxa7 Qe7 31.Qf4 Qe4 32.Qc1 b5 33.h3  0-1

[Event "Kuala Lumpur zt"]
[Site "Kuala Lumpur"]
[Date "1990.??.??"]
[Round "?"]
[White "West, Guy"]
[Black "Ye Rongguang"]
[Result "1/2-1/2"]
[WhiteElo "2330"]
[BlackElo "2490"]

1.Nf3 d5 2.c4 dxc4 3.e3 Nf6 4.Bxc4 e6 5.O-O a6 6.d4 c5 7.dxc5 Bxc5 8.Qxd8+ Kxd8
9.b3 b5 10.Be2 Bb7 11.a4 b4 12.Nbd2 Ke7 13.Bb2 Nbd7 14.Rac1 Rhc8 15.Rc2 Ne4
16.Rfc1 g6 17.Ne5 Nxe5 18.Nxe4 Bxe4 19.Rxc5 Rxc5 20.Rxc5 Nd3 21.Bxd3 Bxd3
22.Be5 Ra7 23.Rc7+ Rxc7 24.Bxc7 Bc2 25.Ba5 Bxb3 26.Bxb4+ Kd7 27.a5 Kc6 28.Be7 Kb5
29.Bd8 Kc4 30.f3  1/2-1/2

[Event "Kuala Lumpur Interzonal (Women)"]
[Site "Kuala Lumpur"]
[Date "1990.??.??"]
[Round "2"]
[White "Demina, Julia"]
[Black "Zayac, Elena"]
[Result "1/2-1/2"]
[WhiteElo "2310"]
[BlackElo "2305"]

1.Nf3 d5 2.c4 e6 3.g3 dxc4 4.Qa4+ Nd7 5.Bg2 c5 6.Qxc4 b6 7.Qf4 f6 8.Nd4 cxd4
9.Bxa8 e5 10.Qf3 Ba6 11.Na3 f5 12.Bd5 Ngf6 13.Bc4 Bxc4 14.Nxc4 Qc7 15.Na3 Bxa3
16.Qxa3 Nc5 17.b4 Ne6 18.Qb3 Kf7 19.Bb2 Rd8 20.Rc1 Qe7 21.b5 Ne4 22.Ba3 Nc5
23.Bxc5 bxc5 24.d3 Kf6 25.Rg1 Qc7 26.Kf1 g6 27.Rb1 Rb8 28.a4 e4 29.Qd5 Qe5
30.Qxe5+ Kxe5 31.Ke1 Nc7 32.Kd2 Nd5 33.Rgc1 Kd6 34.e3 dxe3+ 35.fxe3 exd3
36.Kxd3 Re8 37.Re1 Re4 38.a5 c4+ 39.Ke2 Nc3+ 40.Kd2 Nxb1+ 41.Rxb1 Re7 42.b6 axb6
43.axb6  1/2-1/2

[Event "Kuala Lumpur Interzonal (Women)"]
[Site "Kuala Lumpur"]
[Date "1990.??.??"]
[Round "11"]
[White "Demina, Julia"]
[Black "Dahl, Ingrid"]
[Result "1/2-1/2"]
[WhiteElo "2310"]
[BlackElo "2100"]

1.Nf3 d5 2.c4 c6 3.e3 Nf6 4.b3 Bf5 5.Bb2 e6 6.Be2 h6 7.O-O Bd6 8.d4 O-O 9.Ne5 Nbd7
10.Nd2 Rc8 11.f4 Ne4 12.Ndf3 Bh7 13.c5 Nxe5 14.fxe5 Be7 15.b4 b6 16.Qa4 Qc7
17.Rfc1 a5 18.cxb6 Qxb6 19.Qxa5 Qxb4 20.Qxb4 Bxb4 21.a3 Ba5 22.a4 Nd2 23.Bc3 Nb3
24.Bxa5 Nxa5 25.Ra2 Rb8 26.Nd2 Rb4 27.Rc5 Ra8 28.Kf2 Kf8 29.Bd1 Ke7 30.Bc2 Bxc2
31.Rcxc2 Rab8 32.Ke2 Kd7 33.Kd3 Nb3 34.a5 Nxd2 35.Kxd2 Ra8 36.Rc5 Ra6 37.Kc2 Rb7
38.Ra1 Rb4 39.Kc3 Rb7 40.g4 Ke7 41.h4 Kd7 42.h5 Ke7 43.Rg1 f6 44.Ra1 Rb8
45.Rf1 fxe5 46.dxe5 Rb7 47.Rg1 Kf7 48.Ra1 Rb8 49.Re1 Rb7 50.Rc1 Ke7 51.Ra1 Kf7
52.Rh1 Rb8 53.Re1 Rb7 54.Rf1+ Ke7 55.Rc1 Rb8 56.Rd1 Rb7 57.Rh1 Kf7 58.Rg1 Rb8
59.Ra1 Rb7 60.Ra4 Rb1 61.Kc2  1/2-1/2

[Event "Kuala Lumpur Interzonal (Women)"]
[Site "Kuala Lumpur"]
[Date "1990.??.??"]
[Round "15"]
[White "Demina, Julia"]
[Black "Wagner Michel, Annett"]
[Result "1/2-1/2"]
[WhiteElo "2310"]
[BlackElo "2260"]

1.Nf3 d5 2.c4 d4 3.g3 Nc6 4.Bg2 e5 5.d3 a5 6.O-O Nf6 7.e3 dxe3 8.Bxe3 Be7
9.Nc3 O-O 10.Nb5 Bg4 11.h3 Be6 12.Qe2 Qd7 13.Kh2 Rad8 14.Rad1 Qc8 15.Ng5 Bf5
16.f4 h6 17.Ne4 Be6 18.Nc5 exf4 19.Rxf4 Ne8 20.Nxe6 Qxe6 21.Bd5 Qd7 22.Nc3 Bg5
23.Rf2 Bxe3 24.Qxe3 Nd6 25.Rdf1 Rde8 26.Ne4 Kh8 27.Qd2 Nxe4 28.Bxe4 Ne5 29.Qxa5 Nxc4
30.Qa7 Nd6 31.Qd4 Re7 32.Bd5 Ne8 33.Qc5 c6 34.Bb3 Nc7 35.Re1 Rfe8 36.Rxe7 Rxe7
37.Qa7 Nb5 38.Qb8+ Re8 39.Qf4 f6 40.Qc4 Nd4 41.Qf7 Qxf7 42.Bxf7 Re3 43.Bg6 Nf3+
44.Kg2 Ne5 45.Bf5 c5 46.Rd2 Nf3 47.Kf2 Re5 48.Kxf3 Rxf5+ 49.Ke4 Re5+ 50.Kf3 Rd5
51.Ke4 Re5+  1/2-1/2

[Event "RSFSR-ch"]
[Site "Kuibishev"]
[Date "1990.??.??"]
[Round "?"]
[White "Makarov, Marat"]
[Black "Shabanov, Yuri"]
[Result "1/2-1/2"]
[WhiteElo "2480"]
[BlackElo "2375"]

1.Nf3 d5 2.c4 c6 3.e3 Nf6 4.Nc3 e6 5.b3 Nbd7 6.Qc2 Bd6 7.Bb2 O-O 8.h3 a6
9.g4 b5 10.g5 Ne8 11.d4 bxc4 12.bxc4 Rb8 13.Bd3 g6 14.c5 Bc7 15.Ne2 Qe7 16.h4 Ng7
17.O-O-O e5 18.Nxe5 Nxe5 19.dxe5 Bxe5 20.Bxe5 Qxe5 21.Nd4  1/2-1/2

[Event "Mitropa-Cup"]
[Site "Leibnitz"]
[Date "1990.??.??"]
[Round "1"]
[White "Fioramonti, Hung"]
[Black "Miljanic, Boro"]
[Result "0-1"]
[WhiteElo "2335"]
[BlackElo "2380"]

1.Nf3 d5 2.c4 e6 3.g3 c5 4.cxd5 exd5 5.d4 Nc6 6.Bg2 Nf6 7.Nc3 Be7 8.O-O O-O
9.Bg5 c4 10.Ne5 Be6 11.f4 Ng4 12.Bxe7 Nxe7 13.Qd2 f6 14.Nxg4 Bxg4 15.e4 dxe4
16.Bxe4 Qb6 17.Na4 Qd6 18.Bxb7 Rad8 19.Bg2 Qxd4+ 20.Qxd4 Rxd4 21.Rfe1 Kf7
22.h3 Bf5 23.Nc3 Rb8 24.Red1 Rd3 25.Rxd3 Bxd3 26.Nd1 Be2 27.Bf1 Bxf1 28.Kxf1 Rd8
29.Ne3 Rd2 30.Nxc4 Rc2 31.b3 Nf5 32.g4 Ng3+ 33.Kg1 Ne2+ 34.Kg2 Nxf4+ 35.Kg3 g5
36.Re1 Rxa2 37.Nd6+ Kg6 38.Re7 h5 39.Nf5 Ne2+ 40.Rxe2 Rxe2  0-1

[Event "Mitropa-Cup"]
[Site "Leibnitz"]
[Date "1990.??.??"]
[Round "4"]
[White "Fioramonti, Hung"]
[Black "Weinzettl, Ernst"]
[Result "0-1"]
[WhiteElo "2335"]
[BlackElo "2295"]

1.Nf3 d5 2.c4 c6 3.d4 Nf6 4.Nc3 dxc4 5.a4 Bf5 6.e3 e6 7.a5 Bd3 8.Bxd3 cxd3
9.O-O Be7 10.Qb3 Qc7 11.e4 Na6 12.Ra4 O-O 13.Qc4 Rfd8 14.Rd1 Qc8 15.Bg5 b5
16.axb6 axb6 17.Qxd3 Qb7 18.Qe2 h6 19.Bf4 b5 20.Raa1 b4 21.Na4 c5 22.Nxc5 Nxc5
23.dxc5 Rxa1 24.Rxa1 Nxe4 25.Ne5 Bxc5 26.Be3 Bxe3 27.fxe3 Qd5 28.Nf3 Qd3
29.Qe1 Nd2 30.Nd4 Nc4 31.Nc6 Rd6 32.Nxb4 Qe4 33.Rd1 Qxe3+ 34.Kh1 Rxd1 35.Qxd1 Nxb2
36.Qb1 Qb3 37.Nc6 Qd1+ 38.Qxd1 Nxd1 39.Kg1 Kf8 40.Kf1 Ke8 41.Ne5 f6 42.Nc6 Kd7
43.Nd4 Kd6  0-1

[Event "Leningrad op"]
[Site "Leningrad"]
[Date "1990.??.??"]
[Round "?"]
[White "Labutin, Sergey"]
[Black "Solozhenkin, Evgeniy"]
[Result "0-1"]
[WhiteElo "2360"]
[BlackElo "2420"]

1.Nf3 d5 2.c4 c6 3.b3 Bg4 4.Bb2 e6 5.Ne5 Bh5 6.g3 f6 7.g4 fxe5 8.gxh5 Nd7
9.Bh3 Qg5 10.Bxe6 Ngf6 11.Bxd7+ Nxd7 12.Qc2 Bc5 13.e3 O-O 14.Qd3 e4 15.Qc3 d4
16.exd4 Rf3 17.Qc2 Qg2 18.Rf1 e3 19.dxe3 Rxe3+ 20.Kd2 Rae8 21.Qd1 Ne5 22.dxc5 Rd3+
23.Kc2 Rxd1 24.Rxd1 Qxf2+ 25.Nd2 Qf5+ 26.Kc3 a5 27.Nf1 Qf3+ 28.Kc2 Qe4+ 29.Kc1 Nd3+  0-1

[Event "Lenk op"]
[Site "Lenk"]
[Date "1990.??.??"]
[Round "?"]
[White "Wirthensohn, Heinz"]
[Black "Kallai, Gabor"]
[Result "0-1"]
[WhiteElo "2410"]
[BlackElo "2420"]

1.Nf3 d5 2.c4 d4 3.a3 g6 4.e3 Nc6 5.b4 Bg7 6.Bb2 e5 7.d3 Nh6 8.exd4 exd4
9.Be2 O-O 10.O-O g5 11.b5 Ne5 12.Nxe5 Bxe5 13.Nd2 f5 14.c5 g4 15.Re1 Be6
16.Bf1 Qf6 17.Rc1 Rae8 18.Nc4 Bf4 19.Rc2 Bd5 20.Rxe8 Rxe8 21.g3 Bg5 22.Qa1 f4
23.Bxd4 Qf7 24.Re2 Nf5 25.Rxe8+ Qxe8 26.Bf6 fxg3 27.Bg2 gxh2+ 28.Kh1 Bxg2+
29.Kxg2 Qe2  0-1

[Event "Lyngby op"]
[Site "Lyngby"]
[Date "1990.??.??"]
[Round "4"]
[White "Bang, Andreas"]
[Black "Muir, Andrew J"]
[Result "0-1"]
[WhiteElo "2345"]
[BlackElo "2290"]

1.Nf3 d5 2.c4 e6 3.d4 Nf6 4.Nc3 c6 5.Bg5 dxc4 6.e4 b5 7.a4 Bb7 8.axb5 cxb5
9.Nxb5 Bxe4 10.Bxc4 Bb4+ 11.Nc3 O-O 12.O-O Bxc3 13.bxc3 Nbd7 14.Re1 Qc7 15.Bd3 Bxd3
16.Qxd3 Rfc8 17.Bd2 a5 18.Qb5 Rcb8 19.Qg5 Qc6 20.Ne5 Nxe5 21.Rxe5 a4  0-1

[Event "Lyon op"]
[Site "Lyon"]
[Date "1990.??.??"]
[Round "?"]
[White "Landenbergue, Claude"]
[Black "Maus, Soenke"]
[Result "1-0"]
[WhiteElo "2385"]
[BlackElo "2400"]

1.Nf3 d5 2.c4 c6 3.g3 Nf6 4.Bg2 Bf5 5.cxd5 cxd5 6.Qb3 Qb6 7.Qxb6 axb6 8.d3 Nc6
9.Nc3 h6 10.Bf4 Ra5 11.O-O d4 12.b4 Nxb4 13.Nxd4 Bd7 14.Nb3 Ra6 15.Bxb7 Ra7
16.Bg2 e6 17.Bb8 Ra3 18.Rfc1 Be7 19.Bc7 O-O 20.Bxb6 Nxa2 21.Rxa2 Rxb3 22.Bd4 Rc8
23.h3 Nd5 24.Bxd5 exd5 25.Rcc2 Bd6 26.Kg2 Be6 27.Rab2 Rb4 28.e3 Rxb2 29.Rxb2 Bf5
30.Nb5 Bf8 31.Rd2 Bb4 32.Rd1 Bd7 33.Na7 Rc2 34.g4 Be7 35.Kg3 f5 36.Rb1 Rc7
37.Rb8+ Kh7 38.Nb5 Rc8 39.Rb7  1-0

[Event "Lyon op"]
[Site "Lyon"]
[Date "1990.??.??"]
[Round "?"]
[White "Krnic, Zdenko"]
[Black "Cruz Lopez Claret, Carlos"]
[Result "1-0"]
[WhiteElo "2450"]
[BlackElo "2295"]

1.Nf3 d5 2.c4 d4 3.e3 c5 4.exd4 cxd4 5.d3 Nc6 6.g3 e5 7.Bg2 Nf6 8.O-O Nd7
9.Re1 Be7 10.Na3 O-O 11.Nc2 a5 12.b3 Qc7 13.Rb1 Nc5 14.Ba3 Bf5 15.Bxc5 Bxc5
16.a3 Rfe8 17.b4 axb4 18.axb4 Bf8 19.b5 Na5 20.b6 Qd6 21.Rb5 f6 22.Nfxd4 Bd7
23.Rd5 Qxb6 24.Rxd7 exd4 25.Rxe8 Rxe8 26.Bd5+ Kh8 27.Qh5 Qb1+ 28.Kg2  1-0

[Event "URS-ch U26"]
[Site "Minsk"]
[Date "1990.??.??"]
[Round "?"]
[White "Sorokin, Maxim"]
[Black "Khenkin, Igor"]
[Result "1/2-1/2"]
[WhiteElo "2455"]
[BlackElo "2450"]

1.Nf3 d5 2.c4 dxc4 3.Qa4+ Nd7 4.g3 c6 5.Qxc4 e5 6.Bg2 Bd6 7.O-O Ngf6 8.Qc2 O-O
9.Nc3 Re8 10.d4 h6 11.Rd1 Qe7 12.e3 Bb4 13.dxe5  1/2-1/2

[Event "Moscow4"]
[Site "Moscow"]
[Date "1990.??.??"]
[Round "?"]
[White "Vadasz, Laszlo"]
[Black "Bjerring, Kai"]
[Result "1/2-1/2"]
[WhiteElo "2395"]
[BlackElo "2325"]

1.Nf3 d5 2.c4 e6 3.g3 Nf6 4.Bg2 Nbd7 5.d4 c6 6.Qc2 Be7 7.O-O O-O 8.b3 Ne4
9.Bb2 f5 10.Ne1 Ndf6 11.f3 Nd6 12.Nd2 Bd7 13.Nd3 b5 14.c5 Nf7 15.e4 Ng5 16.e5 Ne8
17.a4 a6 18.axb5 axb5 19.Bc3 Qb8 20.Ra2 Nc7 21.Rfa1 Rxa2 22.Qxa2 Rc8 23.Ba5 Ne8
24.Bb6 Nc7 25.Qa7 Qxa7 26.Rxa7 Bd8 27.b4 Nf7 28.Nb3 Ra8 29.Rxc7 Bxc7 30.Bxc7 Ra2
31.Bd6 Rc2 32.Be7 h6 33.g4 fxg4 34.fxg4 Ng5 35.Bxg5 hxg5 36.Bf1 Be8 37.Nf2 Bg6
38.Bd3 Bxd3 39.Nxd3 Rc3 40.Nbc1 Rc2 41.h3 Kf8 42.Kf1 Ke8  1/2-1/2

[Event "Moscow (Women)"]
[Site "Moscow"]
[Date "1990.??.??"]
[Round "?"]
[White "Ranniku, Maaja"]
[Black "Shumiakina, Tatiana"]
[Result "1-0"]
[WhiteElo "2200"]
[BlackElo "2250"]

1.Nf3 d5 2.c4 c6 3.cxd5 cxd5 4.d4 Nf6 5.Nc3 Nc6 6.Bf4 e6 7.e3 Be7 8.h3 Qb6
9.a3 Bd7 10.Bd3 O-O 11.O-O Rfc8 12.Na4 Qd8 13.Nc5 Qb6 14.b4 Be8 15.Rb1 a5
16.b5 Nb8 17.Na4 Qd8 18.Qb3 Bd6 19.Ne5 Nh5 20.Bh2 f6 21.g4 fxe5 22.dxe5 Bf8
23.e4 Nd7 24.exd5 Nc5 25.Nxc5 Bxc5 26.d6 Bf7 27.Be4 Qg5 28.Bxb7 Nf4 29.Qf3 Nd5
30.b6 Rab8 31.Bxc8 Rxc8 32.b7 Rb8 33.Rbc1 Rxb7 34.Rxc5 Rb8 35.Rxa5 Rf8 36.Qb3 h5
37.f4 Qd8 38.Ra7 Qc8 39.Bg3 Qc6 40.f5 exf5 41.Rxf7 Rxf7 42.gxf5 Rb7 43.Qf3  1-0

[Event "Moscow op"]
[Site "Moscow"]
[Date "1990.??.??"]
[Round "?"]
[White "Yuferov, Sergey  N"]
[Black "Dragomarezkij, Evgeni"]
[Result "0-1"]
[WhiteElo "2400"]
[BlackElo "2435"]

1.Nf3 d5 2.c4 c6 3.d4 Nf6 4.Nc3 dxc4 5.a4 e6 6.e3 c5 7.Bxc4 Nc6 8.O-O Be7
9.Qe2 cxd4 10.exd4 O-O 11.Be3 Qa5 12.Rfd1 Rd8 13.h3 Nb4 14.Ne5 Bd7 15.Bg5 Be8
16.Ne4 Nbd5 17.b4 Qc7 18.Bxd5 Nxd5 19.Rac1 Qb6 20.b5 Bxg5 21.Nxg5 h6 22.Ne4 a6
23.Nc4 Qc7 24.Ne3 Qe7 25.Nc5 axb5 26.axb5 b6 27.Na6 Nxe3 28.fxe3 Rac8 29.Qb2 Qg5
30.Qb3 Bxb5 31.h4 Qh5 32.Nc7 Be2 33.Rd2 b5 34.d5 Bc4 35.Rxc4 bxc4 36.Qxc4 exd5  0-1

[Event "Moscow (Women)"]
[Site "Moscow"]
[Date "1990.??.??"]
[Round "?"]
[White "Galliamova, Alisa"]
[Black "Semenova, Lidia K"]
[Result "1-0"]
[WhiteElo "2365"]
[BlackElo "2295"]

1.Nf3 d5 2.c4 e6 3.g3 Nf6 4.Bg2 Be7 5.O-O O-O 6.b3 c5 7.e3 Nc6 8.Bb2 dxc4
9.bxc4 Qb6 10.Qb3 Nd7 11.Nc3 Bf6 12.Na4 Qxb3 13.axb3 Bxb2 14.Nxb2 b6 15.Nd4 cxd4
16.Bxc6 Rb8 17.Rxa7 Ne5 18.Bg2 Rd8 19.Rfa1 Bd7 20.exd4 Nc6 21.Rxd7 Rxd7 22.Bxc6 Rxd4
23.d3 Rd6 24.Bg2 Rd7 25.b4 Kf8 26.b5 e5 27.Bc6 Rc7 28.Ra6 f5 29.Na4 Rd8 30.Nxb6 Rxd3
31.Ra8+ Kf7 32.Nd5  1-0

[Event "Moscow op"]
[Site "Moscow"]
[Date "1990.??.??"]
[Round "?"]
[White "Utemov, Vladimir"]
[Black "Yuferov, Sergey  N"]
[Result "1/2-1/2"]
[WhiteElo "2415"]
[BlackElo "2400"]

1.Nf3 d5 2.c4 dxc4 3.Na3 c5 4.Nxc4 Nc6 5.e3 Nf6 6.b3 e6 7.Bb2 Be7 8.Be2 O-O
9.O-O b6 10.a3 Bb7 11.Qc2 Qd5 12.d3 Rfd8 13.Rfd1 Rac8 14.Bf1 Qh5 15.Qe2 Ne8
16.Rab1 Nd6 17.Bc3 Nb5 18.Bb2 Nd6 19.Bc3 Nb5 20.Bb2  1/2-1/2

[Event "Muenster op"]
[Site "Muenster"]
[Date "1990.??.??"]
[Round "4"]
[White "Lukov, Valentin"]
[Black "Huelsmann, Josef"]
[Result "1-0"]
[WhiteElo "2450"]
[BlackElo "2220"]

1.Nf3 d5 2.c4 e6 3.g3 Nf6 4.Bg2 Be7 5.O-O O-O 6.d4 c6 7.Qc2 b6 8.Rd1 Ba6
9.b3 Nbd7 10.Nbd2 Rc8 11.e4 b5 12.e5 Ne8 13.c5 Nc7 14.b4 Bb7 15.Nb3 f5 16.exf6 gxf6
17.Bf4 Rf7 18.Re1 Nf8 19.Bh3 Rg7 20.Na5 Ba8 21.Bh6 f5 22.Bxg7 Kxg7 23.Re3 Bf6
24.Rae1 Qd7 25.Qe2 Qf7 26.Ne5 Bxe5 27.Rxe5 Kh8 28.Nb3 Bb7 29.Kh1 Ra8 30.Bxf5  1-0

[Event "Muenster op"]
[Site "Muenster"]
[Date "1990.??.??"]
[Round "4"]
[White "Rapatinski, Konstantin"]
[Black "Naumkin, Igor"]
[Result "0-1"]
[WhiteElo "2280"]
[BlackElo "2455"]

1.Nf3 d5 2.c4 e6 3.b3 Nf6 4.g3 a5 5.Bg2 a4 6.Bb2 Be7 7.O-O O-O 8.d4 axb3
9.axb3 Rxa1 10.Bxa1 c6 11.Bb2 Na6 12.Ne5 Bd7 13.Nd2 Qa5 14.g4 Be8 15.Qc2 Bd6
16.Ra1 Qc7 17.h3 Nd7 18.Nxd7 Qxd7 19.e4 dxe4 20.Nxe4 Be7 21.Ng3 f5 22.d5 cxd5
23.gxf5 exf5 24.Bxd5+ Kh8 25.Qe2 Nc5 26.Rd1 Qc7 27.Be5 Bd6 28.Bxd6 Qxd6 29.b4 Na4
30.Nxf5 Qf6 31.Ne3 Nc3 32.Qd2 Nxd1 33.Nxd1 Qg6+ 34.Kh2 Qd6+ 35.Kg1 Bc6 36.Ne3 h6
37.b5 Bd7 38.Kg2 b6 39.Qa2 Qg6+ 40.Kh2 Qf6 41.Bg2 Qh4 42.Qa7 Rxf2 43.Qxb6 Re2
44.Qb8+ Kh7 45.Qg3 Qxg3+ 46.Kxg3 Rxe3+ 47.Kf4 Rb3 48.Ke5 Bxb5 49.cxb5 Rxb5+
50.Kf4 Kg6 51.Bc6 Rb4+ 52.Kg3 Kg5 53.Bd5 Ra4 54.Bc6 Ra3+ 55.Kg2 Kf4 56.Bd5 Rd3
57.Be6 Rd2+ 58.Kg1 Kg3 59.Kf1 g5 60.Bc8 h5  0-1

[Event "Muenster op"]
[Site "Muenster"]
[Date "1990.??.??"]
[Round "6"]
[White "Padevsky, Nikola"]
[Black "Semina, Svetlana"]
[Result "1/2-1/2"]
[WhiteElo "2435"]
[BlackElo "2145"]

1.Nf3 d5 2.c4 dxc4 3.Na3 c5 4.Nxc4 Nc6 5.g3 f6 6.d3 e5 7.Bg2 Nge7 8.O-O Be6
9.Bd2 Nf5 10.a3 Be7 11.Ne1 Qd7 12.Rc1 O-O 13.a4 Nfd4 14.e3 Nf5 15.h3 Rad8
16.Kh2 Kh8 17.b3 Nd6 18.Nxd6 Qxd6 19.Qc2 Bf5 20.Bxc6 Qxc6 21.e4 Be6 22.Be3 Rc8
23.f4 exf4 24.gxf4 Rfd8 25.Rf3 Bd6 26.Kg1 Qd7 27.Kg2 b6 28.Rb1 Qc7 29.Kh1 Bf7
30.Qg2 Bh5 31.Rf2 Bf8 32.Qg3 Bf7 33.Bd2 Qc6 34.Bc3 Rd7  1/2-1/2